<?xml version="1.0" encoding="UTF-8"?>
<record
    xmlns:xsi="http://www.w3.org/2001/XMLSchema-instance"
    xsi:schemaLocation="http://www.loc.gov/MARC21/slim http://www.loc.gov/standards/marcxml/schema/MARC21slim.xsd"
    xmlns="http://www.loc.gov/MARC21/slim">

  <leader>01532nab a2200229uuc4500</leader>
  <controlfield tag="001">1231730</controlfield>
  <controlfield tag="005">20240202101031.0</controlfield>
  <controlfield tag="008">110214e20100701                    spa  </controlfield>
  <datafield tag="035" ind1=" " ind2=" ">
    <subfield code="a">1231730</subfield>
  </datafield>
  <datafield tag="035" ind1=" " ind2=" ">
    <subfield code="a">(OCoLC)820574384</subfield>
  </datafield>
  <datafield tag="040" ind1=" " ind2=" ">
    <subfield code="c">comduadb</subfield>
  </datafield>
  <datafield tag="041" ind1=" " ind2=" ">
    <subfield code="a">spa</subfield>
  </datafield>
  <datafield tag="100" ind1="1" ind2="0">
    <subfield code="a">Correa Fonnegra, Juan Byron</subfield>
    <subfield code="4">aut</subfield>
    <subfield code="e">aut</subfield>
    <subfield code="9">525711</subfield>
  </datafield>
  <datafield tag="245" ind1="1" ind2="0">
    <subfield code="a">Desigualdad &#xE9;tnico-racial en la distribuci&#xF3;n del ingreso en Colombia : un an&#xE1;lisis a partir de Regresi&#xF3;n Cuant&#xED;lica</subfield>
  </datafield>
  <datafield tag="520" ind1="3" ind2=" ">
    <subfield code="a">Analiza las brechas salariales en diferentes puntos de la distribuci&#xF3;n condicional del ingreso seg&#xFA;n condici&#xF3;n &#xE9;tnico-racial. Para ello se utiliza los datos de la Encuesta Nacional de Hogares de diciembre del 2000 (ENH-110). La metodolog&#xED;a involucra la estimaci&#xF3;n de regresiones mincerianas, la correcci&#xF3;n del sesgo de endogeneidad presente en este tipo de ecuaciones y se utiliza la metodolog&#xED;a de descomposici&#xF3;n de Melly (2005). Los resultados muetran el efecto preponderante de la parte "no explicada" en las brechas salariales entre afrocolombianos y no afrocolombianos, lo cual podr&#xED;a ser el resultado de la discriminaci&#xF3;n.</subfield>
  </datafield>
  <datafield tag="650" ind1=" " ind2=" ">
    <subfield code="a">Distribuci&#xF3;n del ingreso - Colombia</subfield>
    <subfield code="9">13033</subfield>
  </datafield>
  <datafield tag="650" ind1=" " ind2=" ">
    <subfield code="a">Discriminaci&#xF3;n &#xE9;tnica</subfield>
    <subfield code="9">55516</subfield>
  </datafield>
  <datafield tag="700" ind1="1" ind2="0">
    <subfield code="a">Viafara Lopez, Carlos Augusto</subfield>
    <subfield code="4">aut</subfield>
    <subfield code="e">aut</subfield>
    <subfield code="9">555201</subfield>
  </datafield>
  <datafield tag="700" ind1="1" ind2="0">
    <subfield code="a">Zuluaga Gonzalez, Victor Hugo</subfield>
    <subfield code="4">aut</subfield>
    <subfield code="e">aut</subfield>
    <subfield code="9">613608</subfield>
  </datafield>
  <datafield tag="773" ind1="0" ind2=" ">
    <subfield code="t">Sociedad y Econom&#xED;a : Facultad de Ciencias Sociales y Econ&#xF3;micas (Cali)</subfield>
    <subfield code="g">No. 19, Jun.-Dic. 2010, p. 153-178</subfield>
    <subfield code="w">901302</subfield>
    <subfield code="x">1657-6357</subfield>
    <subfield code="0">332084</subfield>
  </datafield>
  <datafield tag="942" ind1=" " ind2=" ">
    <subfield code="c">ARIMP</subfield>
  </datafield>
  <datafield tag="999" ind1=" " ind2=" ">
    <subfield code="c">575331</subfield>
    <subfield code="d">575331</subfield>
  </datafield>
</record>
